书目信息 |
| 题名: |
照相化学
|
|
| 作者: | 菊池真一 著 ;赖荫隆 译 | |
| 分册: | ||
| 出版信息: | 北京 轻工业出版社 1981.2 |
|
| 页数: | 365页 | |
| 开本: | 20cm | |
| 丛书名: | ||
| 单 册: | ||
| 中图分类: | TB812 | |
| 科图分类: | ||
| 主题词: | 摄影--理论 | |
| 电子资源: | ||
| ISBN: | ||
| 000 | 00545nam0 2200193 45 | |
| 001 | 0312221749 | |
| 005 | 20060420165154.09 | |
| 010 | @dCNY1.25 | |
| 100 | @a20031222d1981 km y0chiy0120 ea | |
| 101 | @achi | |
| 200 | 1 | @a照相化学@AZhao Xiang Hua Xue@f(日)菊池真一著@F(Ri)Ju Chi Zhen Yi Zhu@g赖荫隆译 |
| 210 | @a北京@c轻工业出版社@d1981.2 | |
| 215 | @a365页@d20cm | |
| 606 | 0 | @a摄影@x理论 |
| 690 | @aTB812@v3 | |
| 701 | 0 | @a菊池真一@4著 |
| 702 | 0 | @a赖荫隆@4译 |
| 801 | @aCN@bTSTCL@c20060420 | |
| 905 | @a213230@dTB812@e19@b45311-313@f3@b161036@f1 | |
| 照相化学/(日)菊池真一著/赖荫隆译.-北京:轻工业出版社,1981.2 |
| 365页;20cm |
| ISBN :CNY1.25 |
| ● |
| 相关链接 |
|
|
|
|
正题名:照相化学
索取号:TB812/19
 
预约/预借
| 序号 | 登录号 | 条形码 | 馆藏地/架位号 | 状态 | 备注 |
| 1 | 0045311 | 001359924 | 密集书库/ [索取号:TB812/19] | 在馆 | |
| 2 | 0045312 | 001360002 | 密集书库/ [索取号:TB812/19] | 在馆 | |
| 3 | 0045313 | 001360048 | 第二样本阅览室/ [索取号:TB812/19] | 在馆 | |
| 4 | 0161036 | 001359960 | 第三借阅区/ [索取号:TB812/19] | 在馆 | |
| 5 | 0161037 | 202245436 | 密集书库/ [索取号:TB812/19] | 在馆 |